[Event "Ciocaltea Memorial"]
[Site "Bucharest"]
[Date "1998.??.??"]
[Round "9"]
[White "Aronian, Levon"]
[Black "Nisipeanu, Liviu Dieter"]
[Result "0-1"]
[WhiteElo "2455"]
[BlackElo "2610"]
[Annotator "Ribli,Z"]
[PlyCount "68"]
[EventDate "1998.02.??"]
[EventType "tourn"]
[EventRounds "13"]
[EventCountry "ROU"]
[EventCategory "11"]
[SourceTitle "CBM 064"]
[Source "ChessBase"]
[SourceDate "1998.06.02"]
[SourceVersion "1"]
[SourceVersionDate "1998.06.02"]
[SourceQuality "1"]

1. g3 {Petursson} c5 2. Bg2 Nc6 3. Nf3 (3. e4 $5 {Das wäre die Sizilianische
Verteidigung. In der direkten Zugfolge 1.e4 c5 2.g3 kann Schwarz aber mit 2...
d5 fortsetzen statt mit 2...Nc6 3.Bg2 - was zu unserer Partiestellung führt.
Ribli.}) 3... e5 (3... d5 4. d4 $14 {Und Weiß spielt eigentlich die
Grünfeld-Indische Verteidigung mit einem Mehrtempo.}) 4. c4 g6 5. O-O Bg7 6.
Nc3 d6 7. a3 Nge7 {Schwarz hat starke Kontrolle über das Feld d4, aber der
Punkt d5 ist ein positionelles Loch. Die schwarze Figurenstellung ist
elastisch, sein Ne7 hält den Weg für den Vorstoß f7-f5 frei.} 8. Rb1 (8. b4 $5
e4 9. Ne1 f5 $13) (8. b4 $5 {Petursson}) 8... Be6 9. d3 (9. b4 cxb4 (9... Bxc4
10. bxc5 dxc5 11. Rxb7 $14) 10. axb4 Bxc4 11. b5 Nb8 12. Ba3 $44) 9... h6 10.
b4 Rb8 $5 (10... Qd7 11. Be3 (11. Na4 cxb4 12. axb4 O-O 13. b5 Nd8 14. Bb2 Rc8
15. Ra1 b6 16. Qd2 f6 17. Qb4 Rc7 18. Rfc1 Nb7 19. Nc3 Nd8 20. Na4 Nb7 21. Nc3
Nd8 {1/2-1/2 Brzozka,S-Ujtelky,M/Rubinstein mem 1965}) 11... cxb4 12. axb4 O-O
13. b5 Nd4 14. Qc1 Kh7 15. Bxd4 exd4 16. Ne4 b6 17. Qa3 d5 18. Ned2 Rac8 19.
Rfc1 dxc4 20. Nxc4 Rc5 21. Nfd2 f5 22. Ra1 Nc8 23. Nb2 Rxc1+ 24. Rxc1 Qxb5 {
Poley,V-Botvinnik,I/BLR-ch 1994/0-1 (45)}) 11. Bd2 $14 {Weiß hat Raumvorteil
am Damenflügel, und der Punkt d5 ist eine ewige Schwäche.} (11. Ne1 O-O 12. Nd5
cxb4 13. axb4 b5 $1 14. Nc2 Kh7 15. f4 bxc4 16. dxc4 Bxd5 17. cxd5 Nxb4 $5 18.
Nxb4 a5 19. f5 gxf5 20. Nc6 Nxc6 21. Rxb8 Nxb8 22. Bh3 Nd7 23. Bxf5+ Kg8 24.
Be3 Nc5 25. Bb1 Qd7 26. Qd2 f5 27. Bxh6 f4 28. Bxg7 Qxg7 29. Qxa5 e4 {0-1
Reshevsky,S-Evans,L/Buenos Aires 1960 (38)}) 11... O-O 12. b5 $6 {Dieser Zug
gefällt mir nicht. Nach der Partiefortsetzung bekommt Weiß kein Spiel am
geschlossenen Damenflügel, und Schwarz kann seinerseits Aktivitäten am
Königsflügel entwickeln.} (12. Qa4 $14) (12. e3 $14) 12... Nd4 $11 13. Ne1 (13.
e3 Nxf3+ 14. Qxf3 Qd7 15. Qe2 $11) (13. Nxd4 $6 exd4 (13... cxd4 14. Na4 (14.
Ne4 $2 f5 $19) 14... f5 $15) 14. Ne4 $2 {[%csl Re4]} f5 $19) 13... Bg4 {
Dieser Zug ist eine Provokation für die weiße Königsstellung.} 14. h3 Bd7 15.
e3 Ne6 $13 16. a4 (16. Nd5 Nxd5 17. Bxd5 Ng5 18. h4 Ne6 $11) (16. Nc2 $5) 16...
h5 $36 17. h4 (17. Nf3 f5 $15 {[%csl Rf3]}) 17... Nf5 {Die Schwächung des
Punktes d5 spielt (noch) keine gewichtige Rolle, und Schwarz verfügt über
Initiative am Königsflügel.} 18. Nf3 (18. Nd5 Nh6 19. Nc2 f5 20. d4 f4 $36 (
20... e4 {[%csl Rg2]})) 18... Nh6 19. Ne4 f5 $1 {Jetzt hat Schwarz nicht nur
ein Loch auf d5, sondern auch auf g5. Aber das fällt gegenüber der schwarzen
Initiative gar nicht ins Gewicht.} 20. Neg5 Nf7 $5 $15 (20... Nxg5 21. Nxg5 $14
{[%csl Rd5,Gg2,Gg5]} Nf7 $2 22. Bd5 $16 {[%cal Rd5g8]}) 21. Nh3 {Weiß kann zu
seinem Bedauern nicht mit seinem N auf g5 verharren.} (21. Nxe6 Bxe6 22. Qe2
$15 {Das verschafft Schwarz freie Hand am Königsflügel.}) 21... Bf6 {Schwarz
hat noch keine konkreten Drohungen, aber sein Plan ist klar: Kg7, Qe8 und
möglicherweise g6-g5.} 22. e4 f4 $1 $40 {Mit diesem Zug gewinnt Schwarz Raum
am Königsflügel und übernimmt das Kommando. Das Bauernopfer ist nur
vorübergehend, weil er das Material später zurückgewinnen kann.} 23. gxf4 (23.
Kh2 Nh6 {[%csl Rh2][%cal Rh6g4,Rg4h2]}) 23... exf4 24. Nxf4 Nxf4 25. Bxf4 Bg4
$1 {[%csl Rg1,Gg4,Rh4]} (25... Bxh4 26. Nxh4 Qxh4 27. Bg3 {Und im Folgenden
möchte Weiß 28.f4 ziehen, mit etwa ausgeglichenen Chancen.} (27. Qd2 Ne5 28.
Bg3 Qg4 29. Bxe5 dxe5 $15) (27. Be3 Ne5 28. f3 $15) 27... Qg5 {[%cal Rh5h4]}
28. Qc1 $11) 26. Qd2 Bxf3 27. Bxf3 Ne5 (27... Bxh4 $15) 28. Be2 (28. Bxe5 Bxe5
29. Kg2 Qxh4 30. Rh1 Qf6 $15 {[%csl Ge5,Gf6,Rg2] Wir haben jetzt eine typische
Stellung, in der die ungleichfarbigen Läufer dem Angreifer zugute kommen.
Schwarz besitzt überzeugende Initiative auf den schwarzen Feldern.}) 28... Bxh4
29. Bh6 $6 (29. Kg2 {Weiß möchte Rh1,Be3,f4 spielen.} Qf6 (29... Rf7 30. Be3)
30. Be3 Nf3 31. Qd1 Nd4) {[#]} 29... Rf3 $1 $17 {Mit diesem sogenannten
passiven Opfer - "passiv", weil die Annahme des Opfers nicht erzwungen ist -
kommt Schwarz zu entscheidendem Angriff.} (29... Nf3+ {Petursson} 30. Bxf3 Rxf3
31. Kg2 Rf7 $13 (31... Qf6 $2 32. Qe2 $18)) 30. Bf4 (30. Bxf3 $4 Nxf3+ $19 {
[%cal Rf3g1,Rf3d2]}) (30. Kg2 Qf6 (30... Qd7 $2 31. Bxf3 Nxf3 32. Kxf3 Qg4+ 33.
Ke3 $18) 31. Bxf3 Qxf3+ 32. Kg1 (32. Kh2 {Petursson} Ng4+ 33. Kg1 Nxh6 34. Qxh6
Qg4+ 35. Kh1 Rf8 $19) 32... Qg4+ $19 {[%csl Rg1]}) 30... Qd7 {[%csl Rg1][%cal
Rd7g4]} 31. Bxe5 Qg4+ $19 32. Kh1 (32. Bg3 Rxg3+ 33. fxg3 Qxg3+ 34. Kh1 Bg5 35.
Qd1 Qh3+ 36. Kg1 Be3+ 37. Rf2 Rf8 $19) 32... Bg5 33. Qd1 (33. Qxg5 Rh3+ 34. Bh2
Qxg5 $19) 33... Rh3+ 34. Bh2 Rxh2+ {Weiß gab auf, weil das Matt nicht
abzuwenden ist.} (34... Qh4 $19) (34... Rxh2+ 35. Kxh2 Bf4+ 36. Kh1 Qh3+ 37.
Kg1 Qh2#) 0-1

[Event "Tel Aviv ASA"]
[Site "Tel Aviv"]
[Date "1994.??.??"]
[Round "4"]
[White "Bezold, Michael"]
[Black "Rechlis, Gad"]
[Result "1/2-1/2"]
[WhiteElo "2515"]
[BlackElo "2510"]
[Annotator "Ribli,Z"]
[PlyCount "63"]
[EventDate "1994.04.??"]
[EventType "tourn"]
[EventRounds "9"]
[EventCountry "ISR"]
[EventCategory "10"]
[SourceTitle "CBM 042"]
[Source "ChessBase"]
[SourceDate "1994.10.01"]
[SourceVersion "1"]
[SourceVersionDate "1994.10.01"]
[SourceQuality "1"]

1. Nf3 c5 2. c4 Nc6 3. Nc3 g6 4. g3 Bg7 5. Bg2 e6 6. a3 Nge7 7. O-O O-O 8. b4
$5 (8. d3 d5 9. cxd5 exd5 10. Bg5 h6 11. Bxe7 Nxe7 12. d4 cxd4 13. Nxd4 Nc6 14.
Nb3 $5 (14. Nxc6 bxc6 15. Rc1 Ba6 16. Re1 Re8 $10 {Larsen,B-Karpov,An/Buenos
Aires/1980/}) 14... d4 (14... Be6 15. Nxd5 Bxb2 16. Ra2 (16. Rb1 Bxa3 $15)
16... Bg7 17. Nc5 $14) 15. Nd5 Be6 16. Nf4 Bf5 17. Nc5 Rb8 18. Rc1 Ne7 19. Qa4
$14 {Sorokin,M-Schmittdiel,E/Ostrava/1992/CBM33/}) 8... cxb4 (8... Nxb4 $5 9.
axb4 cxb4 10. d4 (10. Ne4 Bxa1 11. d4 d5 12. Nf6+ Kh8 13. Bg5 Bc3 14. Ne5 $44)
10... bxc3 11. Qd3 $44) 9. axb4 Nxb4 10. Ba3 Nec6 (10... Nbc6 11. d4 $44) 11.
d4 d5 12. cxd5 exd5 13. Ne5 $44 Re8 14. Nxc6 Nxc6 15. e3 Be6 16. Qf3 Ne7 17.
Bxe7 Rxe7 18. Nxd5 $14 Rd7 (18... Bxd5 19. Qxd5 Qxd5 20. Bxd5 Rd7 21. Bf3 a6
22. Rfb1 Ra7 23. Rb6 $16) 19. Nf4 Bc4 20. Rfb1 g5 21. Nh5 (21. Rxb7 $2 Rxb7 22.
Qxb7 Rb8 23. Qc6 $2 (23. Qxa7 gxf4 24. gxf4 $17) 23... Rc8 $19) 21... Bd5 22.
Qg4 Bxg2 23. Kxg2 b6 24. h4 (24. Rxb6 $6 Rxd4 $1 (24... axb6 $2 25. Qxd7 Qxd7
26. Rxa8+ Bf8 27. Nf6+ $18) (24... f5 $2 25. Qf3 g4 26. Qc6 Rc8 27. Qe6+ $18)
25. exd4 axb6 26. Rxa8 Qxa8+ $13) 24... f6 25. Rb5 h6 26. Qe6+ Rf7 27. Rf5 a5 (
27... Qe8 28. Rxf6 $1 $18) 28. hxg5 hxg5 29. Rh1 (29. Nxg7 $1 Kxg7 30. Rh1 $1
$18 Qd7 (30... Rf8 31. Rd5 $1 Qe8 32. Qf5 Qg6 33. Rd7+ $18) (30... Kg6 31.
Rxg5+ $1 Kxg5 32. f4+ Kg6 33. Qg4#) 31. Rxg5+ $1 fxg5 32. Qh6+ Kg8 33. Qh8#)
29... Bh8 30. Nxf6+ Bxf6 31. Rh6 Kg7 32. Rh7+ (32. Rhxf6 $2 Rxf6 33. Rxg5+ Kh6
34. Qg4 Rxf2+ $1 35. Kxf2 Qxg5 $19) (32. Rh7+ Kxh7 33. Qxf7+ Bg7 34. Qh5+ Kg8
35. Qf7+ $10) 1/2-1/2

[Event "Sigeman & Co 13th"]
[Site "Malmo/Copenhagen"]
[Date "2005.04.20"]
[Round "5"]
[White "Timman, Jan H"]
[Black "Hermansson, Emil"]
[Result "1-0"]
[WhiteElo "2607"]
[BlackElo "2432"]
[Annotator "Ribli,Z"]
[PlyCount "107"]
[EventDate "2005.04.15"]
[EventType "tourn"]
[EventRounds "9"]
[EventCountry "SWE"]
[EventCategory "13"]
[SourceTitle "CBM 107"]
[Source "ChessBase"]
[SourceDate "2005.08.01"]
[SourceVersion "1"]
[SourceVersionDate "2005.08.01"]
[SourceQuality "1"]

1. c4 c5 2. Nf3 Nc6 3. Nc3 e5 4. g3 g6 5. Bg2 Bg7 6. O-O d6 7. d3 Nge7 {
Diese Aufbau ist sehr populär für Schwarz: das d5-Feld ist zwar schwach in
seiner Stellung, aber sein Königsspringer steht elastisch auf e7 und er kann
f7-f5 ziehen.} 8. a3 a5 9. Bg5 f6 10. Bd2 O-O 11. Ne1 {[%cal Ge1c2,Gc2e3,Ge3d5]
Das ist ein typisches Manöver. Der Springer strebt nach d5.} Be6 12. Nc2 (12.
Nd5 Rb8 {[%cal Gb7b5]} (12... Bf7 13. Nxe7+ Qxe7 14. Nc2 f5 15. Ne3 e4 16. Nd5
Bxd5 17. cxd5 Ne5 18. dxe4 Nc4 19. exf5 Nxb2 20. Qc2 Qxe2 21. Ra2 Nc4 22. Bc1 {
1/2-1/2 Nisipeanu,L-Eljanov,P/Andorra la Vella 2003/(22)}) 13. Nc2 b5 {[%csl
Gb8]} 14. Nxe7+ (14. cxb5 $5 Rxb5 (14... Bxd5 15. Bxd5+ Nxd5 16. bxc6 Rxb2 17.
Rb1 $14 {[%csl Gb1,Gc6,Gd2]}) 15. Nxe7+ Nxe7 16. b4 $11) 14... Nxe7 15. cxb5 $6
a4 $1 $15 {[%csl Yb3] 0-1 Vaganian,R-Filippov,V/Elista 1998/CBM 66 ext/[Ribli]
(71)}) 12... d5 {Schwarz muss so spielen, sonst spielt Weiß 13.Ne3 und d6-d5
ist nicht mehr möglich.} 13. cxd5 Nxd5 14. Ne3 $5 (14. Nxd5 Bxd5 15. Bxd5+ Qxd5
16. b4 (16. Ne3 Qe6 17. Rc1 b6 $15) 16... cxb4 17. axb4 a4 18. Ne3 Qb5 19. Nc4
Qa6 20. Na5 b5 21. Nb3 Qa7 22. Nc5 Qf7 23. e3 f5 {0-1 Akesson,R-Wedberg,T/
Stockholm SWE 2002/ (35)}) (14. b4 axb4 15. Nxd5 Bxd5 16. Bxd5+ Qxd5 17. axb4
Nd4 18. Nxd4 cxd4 19. Qc2 Rac8 20. Qb2 Rfd8 21. Rfc1 Bf8 22. b5 g5 23. Rab1 {
1/2-1/2 Donaldson,J-Ashley,M/Los Angeles 2000/ (23)}) 14... Nde7 {Mit diesem
Zug hält Schwarz die Spannung in der Stellung, aber die Alternative 14...
Nxe3!? kommt stark in Betracht.} (14... Nxe3 $5 15. fxe3 (15. Bxe3 Nd4) 15...
c4 16. Ne4 Qb6 17. Qc2 f5 18. Nd6 cxd3 19. exd3 Nd4 20. exd4 Qxd4+ 21. Rf2 Qxd6
22. Bxb7 Rab8 23. Bg2 Rfc8 $15 {0-1 Antunes,A-Narciso Dublan,M/Vendrell 1996/
EXT 98 (32)}) 15. Rb1 $5 (15. Nc4 Rb8 16. Nb5 f5 17. Bc3 b6 18. e3 (18. f4 Nd4)
18... Bxc4 $1 19. dxc4 Qxd1 20. Rfxd1 e4 21. Bxg7 (21. Rd7 $5) 21... Kxg7 22.
Rd6 Rfd8 23. Rad1 Rxd6 24. Rxd6 Ne5 {0-1 Beliavsky,A-Ponomariov,R/Panormo 2001/
(69)}) 15... Qc7 {Mit diesem Zug läßt Schwarz das d5-Feld unverteidigt und
ermöglicht Weiß eine kleine Initiative.} (15... f5 $11) (15... Rb8 16. Nc4 b6
$11) 16. Ned5 {[%csl Gd5]} (16. Nb5 Qd7 17. Nc4 Rab8 $11 (17... Bxc4 18. dxc4
f5 19. Bc3 Qxd1 20. Rfxd1 $14 e4 $2 21. Bxg7 Kxg7 22. Nc7 $18)) 16... Nxd5 17.
Bxd5 (17. Nxd5 Qf7 $11) 17... Bxd5 (17... Qf7 $5) 18. Nxd5 $11 {[%csl Gd5,Rg7]
Weiß verfügt über einen starken Springer auf d5 und es gibt einige Schwächen
am schwarzen Damenflügel,. Des Weiteren kommt der Bg7 nicht leicht ins Spiel.
Anderseits ist die schwarze Stellung fest. Wenn Weiß seinen Springer mit
e2-e4verteidigt, so wird sein P d3 schwach.} Qf7 19. e4 {[%cal Gb2b4]} Ne7 (
19... Nd4 20. Be3 $14) 20. Nxe7+ Qxe7 21. Qb3+ (21. b4 $2 cxb4 22. axb4 a4 {
[%cal Gb7b5]} 23. b5 Rfd8 $17) 21... Rf7 (21... Qf7 22. Qb5 $14) (21... Kh8 $5)
22. Rbc1 {[%csl Gb3,Gc1][%cal Gb3g8]} Qd6 (22... a4 $5 23. Qb5 Bf8 24. Be3 Qd7
25. Qxd7 Rxd7 26. Bxc5 Rxd3 $11) 23. Be3 b6 24. Qc4 Bf8 $6 (24... Rd8 $142 25.
Rfd1 f5) 25. f4 $1 $14 Raa7 26. f5 (26. fxe5 Qxe5 27. Bd2 $14 {[%cal Gd2c3]})
26... g5 27. Rc3 a4 (27... g4 28. Qa4 $14 {[%cal Ga4d1,Gd1g4]}) 28. b3 {
[%mdl 32] Das ist die weiße Strategie: alles ist geschlossen am Königsflügel
und mit diesem Zug kann Weiß die Linien am Damenflügel öffnen .} Qd7 (28...
axb3 29. Rxb3 $14 {[%cal Gf1b1,Gb1b6]}) 29. Qe6 $1 {[%csl Ge6][%cal Ge6b6]} Kg7
$6 (29... Qxe6 $2 30. fxe6 Rfe7 31. Rxf6 g4 32. b4 $16) (29... Rb7 $142) 30.
Qxb6 Rb7 31. Qe6 axb3 32. Qxd7 Rfxd7 33. Rb1 b2 34. Kf2 Rb5 $2 (34... g4 $5 35.
Ke2 Kf7 36. Kd2 c4 $132) 35. Ke2 {[%csl Rb2][%cal Ge2d2,Gd2c2]} Ra7 36. Kd2
Rba5 37. Rxb2 Rxa3 38. Bxc5 $16 {Weiß hat einen Bauern mehr.} Bxc5 39. Rxc5 {
[%mdl 4096]} Ra2 40. Rc7+ Kh6 (40... Rxc7 41. Rxa2 $16) 41. Rxa2 Rxa2+ (41...
Rxc7 42. Rc2 Rd7 43. g4 Kg7 (43... Rc7 44. d4 $18 (44. Rxc7 $4 $11)) 44. Ke3
$16) 42. Ke3 g4 (42... Rxh2 43. Rf7 g4) 43. Rf7 Rxh2 (43... Kg5 44. Rg7+ (44.
Rxh7 $2 Re2+ $3 45. Kxe2 $11) 44... Kh6 45. Rxg4 Rxh2 46. Rh4+ $18) 44. Rxf6+
Kg5 45. Rf7 {[%cal Rf7g7,Rg7g5]} h5 46. Rg7+ Kf6 47. Rg6+ Kf7 48. d4 $1 exd4+
49. Kxd4 Rh3 50. e5 {[%csl Ge5,Gf5] Die verbundenen weißen Bauern entscheiden
die Partie.} Rxg3 51. e6+ Ke7 52. Rg7+ Kd6 53. e7 Kd7 54. f6 1-0

[Event "St Petersburg-ch"]
[Site "St Petersburg"]
[Date "2001.04.12"]
[Round "3"]
[White "Loginov, Valery A"]
[Black "Alekseev, Evgeny V"]
[Result "0-1"]
[WhiteElo "2499"]
[BlackElo "2510"]
[Annotator "Ribli,Z"]
[PlyCount "98"]
[EventDate "2001.04.10"]
[EventType "tourn"]
[EventRounds "11"]
[EventCountry "RUS"]
[EventCategory "9"]
[SourceTitle "CBM 083"]
[Source "ChessBase"]
[SourceDate "2001.07.05"]
[SourceVersion "1"]
[SourceVersionDate "2001.07.05"]
[SourceQuality "1"]

1. Nf3 c5 2. g3 Nc6 3. c4 g6 4. Bg2 Bg7 5. Nc3 e6 {Das ist eine sichere und
gute Entscheidung. Der schwarze Plan ist einfach - Nge7 nebst b6 und Bb7, mit
flexibler Stellung. Aber auch die Alternativen 5...e5 oder 5...Nf6 sind
spielbar.} 6. a3 {Weiß bereitet frühzeitig aktives Spiel am Damenflügel vor.} (
6. O-O Nge7 7. d3) 6... Nge7 7. Rb1 {Weiß kann auch mit sofortigem 7.b4
beginnen, aber früher oder später muss er ohnehin Rb1 ziehen.} (7. b4 b6 8. Rb1
O-O 9. O-O (9. bxc5 bxc5 10. Ne4 d6 11. Bb2 f5 $1 12. Nc3 Rb8 13. Qc2 a6 {
1/2-1/2 Van Wely,L-Leko,P/Wijk aan Zee 1996/CBM 51/[Leko] (27)}) (9. Na4 cxb4
10. axb4 d5 11. b5 Na5 12. cxd5 Nxd5 13. e4 Nc7 14. d4 Bb7 15. Nc3 a6 16. bxa6
$13 {1/2-1/2 Huzman,A-Zagorskis,D/Pula 1997/Inf 69 (16)}) 9... d6 10. e3 Bb7
11. Qb3 Rc8 {1/2-1/2 El Ghazali,Y-Horvath,C/Cairo 1997/CBM 57 ext (44)}) 7...
d6 8. b4 (8. d3 O-O 9. Bd2 b6 10. h4 h6 11. Qc1 Kh7 12. b4 Rb8 13. bxc5 dxc5
14. Kf1 f5 15. Kg1 Nd4 16. Nxd4 cxd4 17. Nd1 Bb7 {0-1 Loginov,V-Sivokho,S/St
Petersburg 1998/EXT 99 (65)}) 8... b6 (8... O-O 9. O-O (9. bxc5 dxc5 10. Bb2 b6
11. h4 e5 12. h5 Bf5 13. d3 Qd7 14. hxg6 hxg6 15. Nd5 {1-0 Loginov,V-Silman,J/
Budapest 1994/CBM 42 ext (40)}) 9... b6 10. Ne1 (10. Qc2 Bb7 11. d3 Qd7 12.
bxc5 dxc5 13. Bb2 f5 14. e3 Rfd8 {0-1 Raicevic,I-Anic,D/Zlatibor 1989/EXT 2000
(30)}) 10... Rb8 11. Nd3 Bb7 12. Bb2 Ba8 13. Ba1 Qd7 14. Qa4 Rfd8 {0-1 Rahman,
Y-Szekely,P/Cairo 1997/CBM 57 ext (35)}) 9. Bb2 (9. O-O Bb7 10. Nb5 O-O 11. Bb2
a6 12. Bxg7 Kxg7 13. Nc3 Qc7 14. bxc5 bxc5 15. Qc2 Rab8 16. e3 Ba8 {1/2-1/2
Pavlovic,M-Matulovic,M/Belgrade 1992/CBM 31 (47)}) (9. Na4 cxb4 10. axb4 d5 11.
b5 Na5 12. cxd5 Nxd5 13. e4 Nc7 14. d4 Bb7 15. Nc3 a6 $13) 9... Bb7 (9... cxb4
$6 10. axb4 $14 Nxb4 11. Nd4 $36) 10. Ne4 {Ein schlauer aber nicht besonders
glücklicher Zug - Weiß möchte den Bg7 abtauschen. In einigen Varianten droht
er nach bxc5 und dxc5 Nxc5 zu spielen. In der Folge jedoch kann der Springer
mit f7-f5 angegriffen werden.} (10. Ba1 $11) 10... e5 {Schwarz unterbindet den
Läufertausch. Die Schwächung des Feldes d5 hat keine große Bedeutung.} (10...
O-O $2 11. Bxg7 Kxg7 12. bxc5 dxc5 13. Nxc5 $16) 11. bxc5 dxc5 12. d3 $11 {
Schwarz hat seine Figuren harmonisch entwickelt. Er hat keine Probleme.} O-O
13. O-O Qd7 (13... f5 $5) 14. Ne1 {[%cal Ge1c2,Gc2e3,Ge3d5] Weiß bereitet das
typische Springermanöver Nc2-Ne3 vor, um das Feld d5 zu kontrollieren.} f5 {
Dieser typische Zug kommt - wegen des Ne4 - mit Tempo.} 15. Nc3 Nd4 {[%csl Gd4]
Schwarz möchte die weißfeldrigen Läufer abtauschen, um die weiße
Königsstellung zu schwächen.} 16. Bxb7 Qxb7 17. Nc2 (17. e3 Ne6 $15 {[%cal
Ga8d8,Gd8d3]} (17... Ndc6)) 17... Rad8 $15 {[%cal Gd8d1] Schwarz macht
positionellen Druck. Weiß muss nun immer mit e5-e4 oder f5-f4 rechnen.} 18. Ne3
{[%csl Yd5][%cal Ge3d5]} f4 {Dieser Zug ist nicht immer in solchen Stellungen
zu empfehlen, weil er Weiß das Feld überlässt. Hier aber kommt Schwarz schnell
am Königsflügel voran.} 19. Ned5 f3 20. e3 $2 {Weiß möchte den Nd4 verjagen,
aber er kommt zu spät.} (20. e4 $8 $15) 20... Nxd5 $1 (20... Ne2+ 21. Nxe2 Nxd5
22. cxd5 fxe2 23. Qxe2 Qxd5 24. Rfd1 $15) 21. cxd5 (21. Nxd5 Ne2+ 22. Kh1 Qd7
$19 {[%cal Rd7h3,Rh3g2]}) (21. exd4 Nxc3 $19) 21... Qd7 $1 {[%cal Rd7h3,Rh3g2]
Droht 22...Qh3 und 23...Qg2#.} 22. Kh1 Ne2 $1 {[%mdl 64] Dieser ausgezeichnete
Springerzug nimmt dem Turm das Feld g1, nun droht erneut 23...Qh3.} (22... Qh3
23. Rg1 Ne2 24. Nxe2 fxe2 25. Qxe2 Rxd5 26. e4 $15) 23. Nxe2 fxe2 24. Qxe2
Qxd5+ {[%cal Rd5d3,Rd5h1] Mit Schach! Deshalb verliert Weiß einen Bauern.} 25.
Kg1 Qxd3 $17 {[%mdl 1024] Schwarz hat einen gesunden Mehrbauern.} 26. Qg4 (26.
Qxd3 Rxd3 $17) 26... Qf5 (26... Qd7 27. Qc4+ Qf7 $17) 27. Qc4+ Qf7 28. Qc2 Rd7
{[%cal Gf8d8,Gd8d1]} 29. a4 $6 (29. Rbd1 Rfd8 $17) 29... Rfd8 30. a5 Rd2 {
[%csl Gd2] Das Eindringen des Turms auf der 2. Reihe ist tödlich für Weiß.} 31.
Qc3 (31. Qe4 $142) 31... R8d3 32. Qc1 Qa2 {[%csl Ga2,Gd2,Gd3]} 33. axb6 axb6
34. Ra1 $2 {Dieses "Läuferopfer" ist fehlerhaft, aber guter Rat war hier
ohnehin schon teuer.} (34. Ba1 Rc2 35. Qe1 $17) 34... Qxb2 (34... Qd5 $17) 35.
Qc4+ Kh8 36. Rfb1 {Es hat den Anschein, als sei die schwarze Dame gefangen,
aber Schwarz hat eine - für Weiß überraschende - Möglichkeit.} (36. Ra8+ Rd8
$19) 36... Ra3 $1 (36... Qc2 $4 37. Ra8+ Rd8 38. Rxd8+ $18) 37. Qf7 {Droht 38.
Qe8+, aber Schwarz hat eine einfache Verteidigung.} (37. Rxb2 Rxa1+ 38. Kg2
Rxb2 $19) 37... h6 38. Rxb2 Rxa1+ 39. Kg2 Rxb2 $19 {Schwarz hat R+R+B für die
Q und steht auf Gewinn.} 40. Qxg6 Raa2 41. Kh3 Rxf2 42. Qxb6 c4 (42... Rxh2+
43. Kg4 c4 44. Qc6 $19 Rac2 $2 45. Qa8+ Kh7 46. Qe4+ Kg8 47. Qd5+ $11) 43. Qc6
Rac2 44. Kg4 c3 (44... Rxh2 $2 45. Qa8+ Kh7 46. Qe4+ $11) 45. h4 e4 46. Qc4
Rcd2 47. Kh5 Rd8 48. g4 Rff8 49. Qa2 Rc8 0-1

[Event "Prestwich"]
[Site "Prestwich"]
[Date "1990.??.??"]
[Round "7"]
[White "Badea, Bela"]
[Black "Norwood, David"]
[Result "1/2-1/2"]
[WhiteElo "2495"]
[BlackElo "2530"]
[Annotator "Ribli,Z"]
[PlyCount "63"]
[EventDate "1990.??.??"]
[EventType "tourn"]
[EventRounds "9"]
[EventCountry "ENG"]
[SourceTitle "CBM 018"]
[Source "ChessBase"]
[SourceDate "1990.10.01"]
[SourceVersion "1"]
[SourceVersionDate "1990.10.01"]
[SourceQuality "1"]

1. c4 g6 2. Nc3 Bg7 3. Nf3 c5 4. g3 Nc6 5. Bg2 e5 6. O-O Nge7 7. Ne1 d6 8. Nc2
Be6 9. Ne3 h5 $5 10. Ned5 h4 11. d3 hxg3 12. fxg3 $1 Bxd5 13. Nxd5 Nxd5 14.
Bxd5 f6 15. a3 Qd7 16. e3 Ne7 17. Bg2 f5 18. Rb1 Rd8 19. e4 {19.b4!?} f4 20.
gxf4 exf4 21. Bxf4 Bd4+ 22. Kh1 Nc6 23. Qf3 Ne5 24. Qg3 Qe6 25. Bg5 Qg4 $1 26.
Qxg4 Nxg4 27. h4 Nf2+ 28. Kh2 Rd7 29. Bh3 Rdh7 30. Kg2 Nxd3 31. b4 b6 32. Be6
1/2-1/2